000 00496nam a2200169 a 4500
001 3165
005 20140414131916.0
008 060202s19uu xx 00 eng d
020 _a0-06-073083-8
050 _aER
_bB43 2004
100 _aDriggs, Scout
245 _aBenji's big adventure /
_cby Scout Driggs & Joe Camp ; photos by Tony Demin.
260 _aNew York :
_bFestival Readers,
_c2004.
300 _a32 p. : ill. ; cm.
650 _aDogs
_xFiction
_xChildren stories.
999 _c111508
_d111508